[Event "FB21 2223 USV Halle - SC Rochade Zeulen"]
[Site "?"]
[Date "2022.11.12"]
[Round "3.5"]
[White "Dietrich, Mareike"]
[Black "Eue, Vicky"]
[Result "1-0"]
[WhiteElo "1774"]
[BlackElo "1672"]
[PlyCount "76"]
[EventDate "2022.??.??"]

1. e4 d5 2. exd5 Qxd5 3. Nc3 Qd6 4. d4 Nf6 5. Nf3 a6 6. a4 Be6 7. g3 Nbd7 8. Bf4 Qb6 9. Rb1 Nd5 10. Nxd5 Bxd5 11. Bg2 Qe6+ 12. Be3 Qc6 13. b3 Be4 14. Rc1 e6 15. O-O Ba3 16. Ra1 Bb2 17. Ra2 Bc3 18. Qe2 h6 19. Rd1 g5 20. d5 Bxd5 21. Bd4 g4 22. Ne5 Nxe5 23. Qxe5 Bxd4 24. Rxd4 O-O-O 25. Bxd5 exd5 26. Qf5+ Qe6 27. Qxg4 f5 28. Qd1 c5 29. Rf4 Rhg8 30. Qd3 Rdf8 31. Kf1 Qe5 32. c3 Rg4 33. Re2 Qd6 34. Rxf5 Rg5 35. Rxf8+ Qxf8 36. Qe3 Rf5 37. f4 Rf6 38. Rd2 Qd6 1-0

[Event "FB21 2223 USV Halle - SC Rochade Zeulen"]
[Site "?"]
[Date "2022.11.12"]
[Round "3.6"]
[White "Derling, Charlotte"]
[Black "Riemer-Nlula, Marion"]
[Result "1/2-1/2"]
[WhiteElo "1585"]
[BlackElo "1837"]
[PlyCount "38"]
[EventDate "2022.??.??"]

1. e4 d5 2. exd5 Nf6 3. d4 Nxd5 4. c4 Nb6 5. Nc3 g6 6. Nf3 Bg7 7. c5 Nd5 8. Bc4 Nxc3 9. bxc3 O-O 10. O-O Bf5 11. Re1 Nc6 12. a4 Qd7 13. Ng5 e5 14. d5 Na5 15. Ba2 Rad8 16. Bb2 Qe7 17. Nf3 e4 18. Nd4 Qxc5 19. Nxf5 gxf5 1/2-1/2

[Event "FB21 2223 TuS Coswig 1920 - SC Rotation"]
[Site "?"]
[Date "2022.11.12"]
[Round "3.1"]
[White "Burchardt, Brigitte"]
[Black "Moses, Selina"]
[Result "1-0"]
[WhiteElo "2095"]
[BlackElo "1911"]
[PlyCount "65"]
[EventDate "2022.??.??"]

1. e4 c5 2. Nc3 Nc6 3. g3 g6 4. Bg2 Bg7 5. d3 d6 6. Be3 Nd4 7. Qd2 e5 8. Nd5 Be6 9. c4 Bxd5 10. cxd5 Ne7 11. Nh3 O-O 12. O-O Qd7 13. f4 exf4 14. Nxf4 h6 15. Rf2 Kh7 16. Raf1 Ng8 17. Ne2 Nxe2+ 18. Qxe2 Qe7 19. Kh1 Rae8 20. g4 Be5 21. Rf3 Kg7 22. Qf2 g5 23. d4 cxd4 24. Bxd4 Bxd4 25. Qxd4+ f6 26. Rf5 a6 27. h4 Kg6 28. hxg5 hxg5 29. Qd3 Nh6 30. Rxf6+ Kg7 31. e5 Nxg4 32. Qg6+ Kh8 33. Rf7 1-0

[Event "FB21 2223 TuS Coswig 1920 - SC Rotation"]
[Site "?"]
[Date "2022.11.12"]
[Round "3.2"]
[White "Timme, Karin"]
[Black "Jahn, Constanze"]
[Result "1/2-1/2"]
[WhiteElo "2069"]
[BlackElo "2040"]
[PlyCount "89"]
[EventDate "2022.??.??"]

1. d4 Nf6 2. c4 e6 3. Nc3 d5 4. Bg5 Be7 5. e3 O-O 6. Nf3 c6 7. Rc1 Nbd7 8. Qc2 Ne4 9. Bxe7 Qxe7 10. Nxe4 dxe4 11. Qxe4 Qb4+ 12. Nd2 Qxb2 13. Qc2 Qxc2 14. Rxc2 e5 15. d5 Nc5 16. e4 f5 17. f3 fxe4 18. fxe4 Bd7 19. Be2 Rf4 20. Rf1 Raf8 21. Rxf4 Rxf4 22. Bf3 g5 23. h3 Rh4 24. Ke2 h5 25. Ke3 g4 26. hxg4 hxg4 27. Be2 Rh2 28. Kf2 Rh6 29. Rc3 Rf6+ 30. Ke3 Kg7 31. Nb3 Na4 32. Rc1 c5 33. Rf1 Rh6 34. Nc1 Nb6 35. Kd3 Rh2 36. Rg1 Kg6 37. Ke3 Kg5 38. g3 Rh3 39. Kf2 Ba4 40. Nd3 Nd7 41. Nb2 Bc2 42. Bd3 Bxd3 43. Nxd3 Rh2+ 44. Rg2 Rh1 45. Rg1 1/2-1/2

[Event "FB21 2223 TuS Coswig 1920 - SC Rotation"]
[Site "?"]
[Date "2022.11.12"]
[Round "3.3"]
[White "Wolf, Sylvia"]
[Black "Richter, Ulrike"]
[Result "1/2-1/2"]
[WhiteElo "2014"]
[BlackElo "1911"]
[PlyCount "42"]
[EventDate "2022.??.??"]

1. e4 c5 2. Nf3 Nc6 3. Bb5 d6 4. O-O Bd7 5. Re1 e5 6. c3 Nf6 7. d4 cxd4 8. cxd4 Qc7 9. Nc3 a6 10. Bxc6 Bxc6 11. d5 Bd7 12. Be3 Ng4 13. Rc1 Nxe3 14. Rxe3 Qb6 15. Ne2 Rb8 16. Rec3 Be7 17. R1c2 O-O 18. Rc7 Rfd8 19. Qc1 Kf8 20. Ng3 h6 21. h3 Qa5 1/2-1/2

[Event "FB21 2223 TuS Coswig 1920 - SC Rotation"]
[Site "?"]
[Date "2022.11.12"]
[Round "3.4"]
[White "Moldenhauer, Antje"]
[Black "Mai, Iris"]
[Result "1-0"]
[WhiteElo "1792"]
[BlackElo "1993"]
[PlyCount "79"]
[EventDate "2022.??.??"]

1. e4 c5 2. Nf3 e6 3. d4 cxd4 4. Nxd4 a6 5. Nc3 Qc7 6. Bd3 Nf6 7. O-O Bc5 8. Nb3 Ba7 9. Qe2 Nc6 10. Kh1 Ne5 11. f4 Nxd3 12. cxd3 O-O 13. e5 Ne8 14. f5 f6 15. exf6 Nxf6 16. Bf4 Qd8 17. fxe6 dxe6 18. Bg5 Qe8 19. Rae1 Bd7 20. Nd2 Qg6 21. Nde4 Nxe4 22. Nxe4 e5 23. Be7 Rfe8 24. Bc5 b6 25. Bf2 Bg4 26. Qc2 Rac8 27. Qb3+ Be6 28. Qa4 a5 29. Nd6 Bd5 30. Ne4 Rf8 31. Qd7 Qf7 32. Qxf7+ Bxf7 33. Nd6 Rc2 34. Nxf7 Rxf7 35. Bg3 Rxb2 36. Bxe5 Rxa2 37. Bd6 Rf6 38. Re8+ Kf7 39. Rfe1 Rxd6 40. R8e7+ 1-0

[Event "FB21 2223 TuS Coswig 1920 - SC Rotation"]
[Site "?"]
[Date "2022.11.12"]
[Round "3.5"]
[White "Heyme, Sibylle"]
[Black "Gebhardt, Christine"]
[Result "1-0"]
[WhiteElo "1963"]
[BlackElo "1734"]
[PlyCount "127"]
[EventDate "2022.??.??"]

1. Nf3 e6 2. d4 d5 3. c4 c5 4. cxd5 exd5 5. Nc3 Nc6 6. e3 Nf6 7. Be2 Be7 8. O-O O-O 9. dxc5 Bxc5 10. b3 Re8 11. Bb2 a6 12. Rc1 Ba7 13. Rc2 Be6 14. Rd2 Qa5 15. Bd3 Bg4 16. Be2 Be6 17. Bd3 Bg4 18. h3 Bxf3 19. Qxf3 d4 20. exd4 Bxd4 21. Rc1 Rad8 22. Bb1 Qg5 23. Rdd1 Qh4 24. Rf1 Nh5 25. Kh1 Ne5 26. Qe4 Qxe4 27. Bxe4 b5 28. Ba1 Nf4 29. Rfd1 Nfg6 30. g3 b4 31. Nd5 Bxa1 32. Rxa1 Kf8 33. Rac1 a5 34. Kg2 Ne7 35. Nxe7 Rxd1 36. Rxd1 Kxe7 37. Rd5 Nc6 38. Rc5 Nd4 39. Rxa5 Ne2 40. Bd3 Nc3 41. Bc4 Rd8 42. a3 bxa3 43. Rxa3 f5 44. Ra7+ Kf6 45. Ra6+ Ke7 46. Re6+ Kf8 47. Re3 Ne4 48. g4 g6 49. gxf5 gxf5 50. Rf3 Nd6 51. Be6 Ke7 52. Bxf5 Nxf5 53. Rxf5 Rb8 54. Rf3 Rb4 55. Kf1 h5 56. Ke2 Ke6 57. Kd2 Ke5 58. Kc3 Rb6 59. Kc4 Rd6 60. b4 Rd4+ 61. Kc5 Rd5+ 62. Kb6 Rd6+ 63. Ka5 Rd5+ 64. b5 1-0

[Event "FB21 2223 SZ Seeblick Dippoldiswalde - "]
[Site "?"]
[Date "2022.11.12"]
[Round "3.1"]
[White "Spangenberg, Romy"]
[Black "Browning, Rebecca"]
[Result "1/2-1/2"]
[WhiteElo "1857"]
[BlackElo "1901"]
[PlyCount "162"]
[EventDate "2022.??.??"]

1. e4 e6 2. d4 d5 3. Nc3 Nf6 4. e5 Nfd7 5. f4 Be7 6. Nf3 c5 7. Be3 Nc6 8. Qd2 O-O 9. Be2 cxd4 10. Nxd4 a6 11. O-O Bc5 12. Kh1 Nxd4 13. Bxd4 b5 14. Bg4 Bxd4 15. Qxd4 Qb6 16. Ne2 Bb7 17. c3 g6 18. h4 Rac8 19. Rad1 Rc4 20. Qxb6 Nxb6 21. Rd4 Rfc8 22. Rfd1 R4c7 23. Bf3 Nc4 24. Rb1 Ne3 25. g4 h5 26. gxh5 Nf5 27. Rd3 Nxh4 28. Nd4 Nxf3 29. Rxf3 gxh5 30. Rh3 Kf8 31. Rxh5 Ke7 32. a3 Rg8 33. Rg1 Rcc8 34. Rhg5 Rh8+ 35. Kg2 Rh7 36. Rh1 Rxh1 37. Kxh1 Rh8+ 38. Kg2 Bc8 39. Kf3 Bd7 40. Rg2 Rh1 41. Rg8 Rf1+ 42. Ke3 Be8 43. Rg2 a5 44. Rg8 Rb1 45. Rg2 Re1+ 46. Re2 Rh1 47. Rg2 Rh3+ 48. Kf2 Rh7 49. Rg8 Rh4 50. Kf3 Rh1 51. Rg2 Kf8 52. Ke3 Rh3+ 53. Kf2 Rh6 54. Ke3 Bd7 55. Kf3 f6 56. exf6 Rxf6 57. Ke3 Ke7 58. Rg7+ Kd6 59. Rg8 Rh6 60. Rg2 Rh3+ 61. Kd2 Rh7 62. Ke3 Be8 63. Rf2 b4 64. axb4 axb4 65. Nc2 bxc3 66. bxc3 Rc7 67. Kd2 Rc4 68. Nd4 Ra4 69. Ke3 Ra3 70. Rc2 Bd7 71. Rc1 Kc5 72. Kd3 Ra2 73. Re1 Kd6 74. Ke3 Bc8 75. Rc1 Ba6 76. Kf3 Rd2 77. Re1 Rd3+ 78. Re3 Rxe3+ 79. Kxe3 Bc8 80. Kd3 Bd7 81. c4 dxc4+ 1/2-1/2

[Event "FB21 2223 SZ Seeblick Dippoldiswalde - "]
[Site "?"]
[Date "2022.11.12"]
[Round "3.2"]
[White "Peglau, Dora"]
[Black "Lowke, Kathrin"]
[Result "1-0"]
[WhiteElo "1798"]
[BlackElo "1829"]
[PlyCount "69"]
[EventDate "2022.??.??"]

1. d4 Nf6 2. c4 g6 3. Nc3 Bg7 4. e4 d6 5. Be2 O-O 6. Be3 Nc6 7. h4 e5 8. d5 Nd4 9. Bxd4 exd4 10. Qxd4 Re8 11. Qd3 Nd7 12. f3 Bh6 13. h5 Qg5 14. g4 Qf4 15. Qd4 c5 16. dxc6 bxc6 17. Nh3 c5 18. Nxf4 cxd4 19. Ncd5 Bg5 20. O-O-O a5 21. Kc2 Bb7 22. Rxd4 Rac8 23. Ng2 f5 24. hxg6 hxg6 25. gxf5 gxf5 26. Rh5 Bf6 27. Nxf6+ Nxf6 28. Rg5+ Kh7 29. Rd1 Kh6 30. Rg3 fxe4 31. Rh1+ Nh5 32. f4 Rc5 33. Rgh3 e3 34. Rxh5+ Kg7 35. Rh7+ 1-0

[Event "FB21 2223 SZ Seeblick Dippoldiswalde - "]
[Site "?"]
[Date "2022.11.12"]
[Round "3.3"]
[White "Spangenberg, Pia"]
[Black "Peglau, Charis"]
[Result "0-1"]
[WhiteElo "1803"]
[BlackElo "1974"]
[PlyCount "46"]
[EventDate "2022.??.??"]

1. e4 c6 2. d4 d5 3. exd5 cxd5 4. Bd3 Nc6 5. Nf3 Bg4 6. c3 Nf6 7. h3 Bh5 8. Bf4 e6 9. Nbd2 Bd6 10. Bxd6 Qxd6 11. O-O O-O 12. Qb3 Rab8 13. Rae1 Bg6 14. c4 Na5 15. Qc3 Bxd3 16. c5 Qa6 17. b4 Bxf1 18. Rxf1 Nc4 19. Nxc4 Qxc4 20. Qxc4 dxc4 21. Rc1 b5 22. cxb6 axb6 23. Rxc4 Rfc8 0-1

[Event "FB21 2223 SZ Seeblick Dippoldiswalde - "]
[Site "?"]
[Date "2022.11.12"]
[Round "3.4"]
[White "Peglau, Mirjam"]
[Black "Lorenz, Nicole"]
[Result "0-1"]
[WhiteElo "1869"]
[BlackElo "1859"]
[PlyCount "96"]
[EventDate "2022.??.??"]

1. d4 d6 2. e4 Nf6 3. Bd3 e5 4. d5 g6 5. c4 c6 6. Nc3 Bg7 7. Nge2 O-O 8. O-O Ng4 9. h3 Nh6 10. Ng3 Qh4 11. Bc2 f5 12. exf5 gxf5 13. dxc6 bxc6 14. Nh5 f4 15. Nxg7 Kxg7 16. Qxd6 Nf7 17. Qc7 Kh8 18. Be4 Bxh3 19. Ne2 Bg4 20. Re1 Qh5 21. Nxf4 exf4 22. Bxf4 Rc8 23. Qe7 Nd7 24. Re3 Bf5 25. Bf3 Qg6 26. Rae1 Rg8 27. Qa3 h5 28. Qc3+ Kh7 29. Qd4 h4 30. Bc7 h3 31. g3 Nb6 32. Re7 Rg7 33. Qf4 Rf8 34. Qh4+ Kg8 35. Qd4 Rh7 36. Kh2 Rg7 37. Bxb6 axb6 38. Qxb6 Ng5 39. Bxc6 Nf3+ 40. Kh1 Nxe1 41. Rxe1 Kh7 42. Qb5 Bg4 43. f4 Bf5 44. Re3 Qd6 45. c5 Qd1+ 46. Kh2 Rd8 47. Bf3 Rd2+ 48. Re2 Re7 0-1

[Event "FB21 2223 SZ Seeblick Dippoldiswalde - "]
[Site "?"]
[Date "2022.11.12"]
[Round "3.5"]
[White "Neumeyer, Hannelore"]
[Black "Peglau, Sarah"]
[Result "0-1"]
[WhiteElo "1868"]
[BlackElo "1783"]
[PlyCount "69"]
[EventDate "2022.??.??"]

1. d4 d5 2. e4 dxe4 3. Nc3 Nf6 4. f3 exf3 5. Nxf3 Bg4 6. h3 Bxf3 7. Qxf3 c6 8. Be3 e6 9. Bd3 Bd6 10. O-O Nbd7 11. Rae1 O-O 12. Ne4 Nxe4 13. Qxe4 g6 14. Bh6 Re8 15. Qf3 f5 16. Bc4 Qf6 17. Qe3 Nf8 18. c3 Rac8 19. g4 Rc7 20. Kh1 Kh8 21. Re2 Rf7 22. Bg5 Qg7 23. gxf5 Rxf5 24. Rxf5 gxf5 25. Rg2 Qf7 26. Qf2 Be7 27. Bh6 Ng6 28. h4 Bxh4 29. Qf3 Bd8 30. b4 Nh4 31. Bg7+ Qxg7 32. Rxg7 Nxf3 33. Rg3 Nd2 34. Bd3 Rg8 35. Re3 0-1

[Event "FB21 2223 SZ Seeblick Dippoldiswalde - "]
[Site "?"]
[Date "2022.11.12"]
[Round "3.6"]
[White "Peglau, Adelheid"]
[Black "Mai, Mariella"]
[Result "1-0"]
[WhiteElo "1298"]
[BlackElo "1598"]
[PlyCount "83"]
[EventDate "2022.??.??"]

1. d4 d5 2. c4 e6 3. Nc3 Nf6 4. Nf3 c5 5. Bg5 h6 6. Bxf6 Qxf6 7. cxd5 Qd8 8. dxe6 Bxe6 9. e3 a6 10. Be2 Qb6 11. Qd2 Be7 12. d5 Bg4 13. O-O O-O 14. Rfd1 Rd8 15. Rac1 Bf5 16. e4 Bg4 17. e5 Bxf3 18. Bxf3 Bg5 19. Qe2 Bxc1 20. Rxc1 Nd7 21. Re1 Re8 22. e6 fxe6 23. Bh5 Re7 24. dxe6 Nf6 25. Bf7+ Kh8 26. Rd1 Qc6 27. h3 b5 28. Qd2 b4 29. Nd5 Rd8 30. Nxe7 Rxd2 31. Rxd2 Qb6 32. Ng6+ Kh7 33. Nf8+ Kh8 34. Nd7 Nxd7 35. exd7 Qd8 36. Be8 Kg8 37. Rd5 c4 38. Rc5 Qe7 39. Rc8 Qe1+ 40. Kh2 Qe5+ 41. g3 Qd4 42. Bg6# 1-0

[Event "FB21 2223 SC Rochade Zeulenroda - SG 18"]
[Site "?"]
[Date "2022.11.13"]
[Round "4.2"]
[White "Wagner, Margarethe"]
[Black "Berzina, Ilze"]
[Result "0-1"]
[WhiteElo "1912"]
[BlackElo "2132"]
[PlyCount "88"]
[EventDate "2022.??.??"]

1. e4 c6 2. d4 d5 3. f3 g6 4. e5 Bg7 5. Bd3 c5 6. c3 Nc6 7. Be3 cxd4 8. cxd4 Qb6 9. Qd2 Bd7 10. Nc3 e6 11. Na4 Qb4 12. Nc5 Nge7 13. Ne2 Nf5 14. Bxf5 gxf5 15. a3 Qxd2+ 16. Bxd2 b6 17. Nxd7 Kxd7 18. b4 Rac8 19. Rc1 Bf8 20. Kf2 Be7 21. h3 h5 22. h4 b5 23. Bg5 Bf8 24. Be3 a5 25. bxa5 Bxa3 26. Rb1 b4 27. Bd2 Ra8 28. Ke3 Rxa5 29. Nf4 Rb5 30. Rhd1 b3 31. Bc3 b2 32. Nd3 Rhb8 33. Rd2 Rb3 34. Rc2 Bb4 35. Bxb2 f4+ 36. Ke2 Nxd4+ 37. Bxd4 Rxb1 38. Nxf4 Re1+ 39. Kf2 Rd1 40. Ba7 Rb7 41. Be3 d4 42. Bc1 d3 43. Rc4 d2 44. Rd4+ Ke7 0-1

[Event "FB21 2223 SC Rochade Zeulenroda - SG 18"]
[Site "?"]
[Date "2022.11.13"]
[Round "4.3"]
[White "Otikova, Elina"]
[Black "von Erichsen, Annegret"]
[Result "1-0"]
[WhiteElo "2089"]
[BlackElo "1981"]
[PlyCount "69"]
[EventDate "2022.??.??"]

1. e4 c5 2. Nf3 d6 3. d4 cxd4 4. Nxd4 Nf6 5. Nc3 a6 6. Be2 e6 7. f4 Qc7 8. Bf3 Be7 9. O-O O-O 10. Kh1 Nbd7 11. Qe1 Nb6 12. a4 e5 13. Nde2 Nc4 14. b3 Na5 15. Be3 Bd7 16. Qf2 Bd8 17. Rad1 b5 18. fxe5 dxe5 19. Bc5 Re8 20. Nd5 Qb7 21. Nec3 Be6 22. axb5 axb5 23. Nxf6+ Bxf6 24. Be2 b4 25. Nd5 Bxd5 26. Rxd5 Nc6 27. Bc4 Ra2 28. Rd6 Nd4 29. Bxd4 exd4 30. Bd5 Qa7 31. Qf5 Ra1 32. Bxf7+ Kxf7 33. Rd7+ Qxd7 34. Qxd7+ Re7 35. Qd5+ 1-0

[Event "FB21 2223 SC Rochade Zeulenroda - SG 18"]
[Site "?"]
[Date "2022.11.13"]
[Round "4.4"]
[White "Skibbe, Diana"]
[Black "Endress, Anna"]
[Result "0-1"]
[WhiteElo "1970"]
[BlackElo "2112"]
[PlyCount "92"]
[EventDate "2022.??.??"]

1. e4 c5 2. Nc3 Nc6 3. f4 e6 4. Nf3 Nge7 5. d3 d5 6. e5 Nf5 7. Ne2 Be7 8. g3 h5 9. d4 b6 10. c3 Qc7 11. Kf2 Ba6 12. Be3 Rc8 13. Qa4 Qb7 14. Bh3 b5 15. Qd1 Nxe3 16. Kxe3 Na5 17. Kf2 g6 18. Rf1 b4 19. Qa4+ Nc6 20. Rfc1 Qb5 21. Qxb5 Bxb5 22. Bf1 Kd7 23. h3 Rc7 24. a3 bxc3 25. bxc3 Na5 26. Nd2 Rhc8 27. Rcb1 Bd3 28. Rb2 cxd4 29. cxd4 Rc2 30. Raa2 Rxb2 31. Rxb2 Bxa3 32. Ra2 Bb4 33. Ke3 Bb5 34. Nf3 a6 35. Ng5 Ke7 36. g4 Nc4+ 37. Kf2 hxg4 38. hxg4 Na3 39. f5 gxf5 40. gxf5 Rc2 41. Rxc2 Nxc2 42. fxe6 fxe6 43. Nf3 a5 44. Nc1 Bxf1 45. Kxf1 Bc3 46. Ke2 Nxd4+ 0-1

[Event "FB21 2223 SC Rochade Zeulenroda - SG 18"]
[Site "?"]
[Date "2022.11.13"]
[Round "4.5"]
[White "Naumann, Nadine"]
[Black "Dietrich, Mareike"]
[Result "1/2-1/2"]
[WhiteElo "1947"]
[BlackElo "1774"]
[PlyCount "46"]
[EventDate "2022.??.??"]

1. e4 c5 2. Nf3 d6 3. Bb5+ Nd7 4. O-O a6 5. Bd3 Ngf6 6. c3 b5 7. Bc2 Bb7 8. Re1 e6 9. d4 Be7 10. Nbd2 O-O 11. a4 Qc7 12. Bd3 Bc6 13. Qe2 Qb7 14. b3 Rfe8 15. Nf1 d5 16. e5 Ne4 17. Qc2 f5 18. exf6 Ndxf6 19. Ne5 cxd4 20. cxd4 Rac8 21. Be3 bxa4 22. bxa4 Qa8 23. Rec1 Bb5 1/2-1/2

[Event "FB21 2223 SC Rochade Zeulenroda - SG 18"]
[Site "?"]
[Date "2022.11.13"]
[Round "4.6"]
[White "Riemer-Nlula, Marion"]
[Black "Schuster, Rebekka"]
[Result "1/2-1/2"]
[WhiteElo "1837"]
[BlackElo "1804"]
[PlyCount "21"]
[EventDate "2022.??.??"]

1. e4 e6 2. d4 d5 3. exd5 exd5 4. Bd3 Bd6 5. Be3 Nf6 6. h3 O-O 7. Nf3 c6 8. Nbd2 Re8 9. O-O Nbd7 10. c4 dxc4 11. Nxc4 1/2-1/2

[Event "FB21 2223 SG Leipzig - USV Halle"]
[Site "?"]
[Date "2022.11.13"]
[Round "4.1"]
[White "Zhou, Lepu Coco"]
[Black "Gempe, Anet"]
[Result "1/2-1/2"]
[WhiteElo "1894"]
[BlackElo "1953"]
[PlyCount "47"]
[EventDate "2022.??.??"]

1. e4 e6 2. d4 d5 3. exd5 exd5 4. Nf3 Bd6 5. Bd3 Ne7 6. O-O O-O 7. Nbd2 Bf5 8. Bxf5 Nxf5 9. c3 c6 10. Qc2 Qd7 11. Re1 f6 12. Nf1 Na6 13. h3 Nc7 14. Bd2 Rfe8 15. b3 g6 16. Ne3 Nxe3 17. Bxe3 Ne6 18. c4 Bf4 19. Bxf4 Nxf4 20. Qd2 Nh5 21. Rxe8+ Rxe8 22. Re1 Ng7 23. Rxe8+ Nxe8 24. c5 1/2-1/2

[Event "FB21 2223 SG Leipzig - USV Halle"]
[Site "?"]
[Date "2022.11.13"]
[Round "4.2"]
[White "Beltz, Martina"]
[Black "Voigt, Anastasia"]
[Result "0-1"]
[WhiteElo "1922"]
[BlackElo "1753"]
[PlyCount "68"]
[EventDate "2022.??.??"]

1. d4 d5 2. Nf3 Nf6 3. e3 e6 4. Bd3 Be7 5. O-O O-O 6. Ne5 Nbd7 7. f4 c5 8. c3 Qc7 9. Bd2 b6 10. Be1 Ne4 11. Nd2 Ndf6 12. Ndf3 Bb7 13. Bh4 Ne8 14. Qe1 N8d6 15. Rd1 f6 16. Ng4 Nf5 17. Qe2 Nxh4 18. Bxe4 dxe4 19. Nxh4 f5 20. Nxf5 exf5 21. Qc4+ Kh8 22. Ne5 Bf6 23. b4 Bxe5 24. fxe5 Rac8 25. e6 cxd4 26. Qxc7 Rxc7 27. cxd4 Bd5 28. g4 Bxe6 29. d5 Bd7 30. d6 Rcc8 31. Rd4 g6 32. Kg2 fxg4 33. Rxf8+ Rxf8 34. Rxe4 Bc6 0-1

[Event "FB21 2223 SG Leipzig - USV Halle"]
[Site "?"]
[Date "2022.11.13"]
[Round "4.3"]
[White "Stowicek, Yara Mathilda"]
[Black "Petri, Birgit"]
[Result "0-1"]
[WhiteElo "1762"]
[BlackElo "1976"]
[PlyCount "82"]
[EventDate "2022.??.??"]

1. e4 c5 2. c3 Nf6 3. e5 Nd5 4. d4 cxd4 5. Qxd4 e6 6. Nf3 b6 7. Qe4 Nc6 8. Nbd2 Qc7 9. g3 Bb7 10. Bg2 f6 11. exf6 Nxf6 12. Qe2 Be7 13. O-O O-O 14. Re1 Rad8 15. Nb3 Qc8 16. Nbd4 Nxd4 17. Nxd4 Bxg2 18. Kxg2 Bc5 19. Be3 Nd5 20. Rad1 Rf7 21. c4 Nxe3+ 22. Qxe3 Rdf8 23. f4 Bb4 24. Re2 Qxc4 25. a3 Bc5 26. Red2 g5 27. b4 gxf4 28. gxf4 Rg7+ 29. Kh1 Be7 30. Rg1 Rff7 31. Rdg2 Rxg2 32. Rxg2+ Rg7 33. Rxg7+ Kxg7 34. Qg3+ Kf7 35. Nf3 Qf1+ 36. Ng1 Bf6 37. Qf3 Qxf3+ 38. Nxf3 Kg6 39. Kg2 Kf5 40. Kg3 d5 41. h3 Ke4 0-1

[Event "FB21 2223 SG Leipzig - USV Halle"]
[Site "?"]
[Date "2022.11.13"]
[Round "4.4"]
[White "Lobe, Sandra"]
[Black "Petersen, Sophie"]
[Result "1-0"]
[WhiteElo "1792"]
[BlackElo "1685"]
[PlyCount "109"]
[EventDate "2022.??.??"]

1. Nf3 c5 2. e4 d6 3. d3 Nc6 4. g3 g6 5. Bg2 Bg7 6. O-O e6 7. Nbd2 Nge7 8. Qe2 O-O 9. a4 d5 10. Re1 b6 11. Nf1 Bb7 12. e5 Nf5 13. Bf4 Nfd4 14. Nxd4 Nxd4 15. Qd2 Rc8 16. h4 f6 17. Nh2 Qd7 18. Ra3 Nc6 19. Nf3 fxe5 20. Nxe5 Nxe5 21. Bxe5 Bxe5 22. Rxe5 Rf5 23. Qe1 Re8 24. Ra1 Qf7 25. Bh3 Rxe5 26. Qxe5 d4 27. Bg2 Bxg2 28. Kxg2 Rf8 29. Rf1 Qb7+ 30. f3 Qc6 31. b3 a6 32. Rf2 b5 33. axb5 axb5 34. g4 h6 35. Qe2 Qd5 36. Qd2 g5 37. hxg5 hxg5 38. Qa5 Qc6 39. Qd2 Rf4 40. Kg3 Qc7 41. Kg2 c4 42. bxc4 bxc4 43. dxc4 Qxc4 44. Qa5 Kf7 45. Qxg5 Rf6 46. Qe5 Qc3 47. Qe4 Qc5 48. Re2 Qd6 49. Qh7+ Kf8 50. g5 Rf5 51. Qh6+ Ke7 52. g6 Qd5 53. Re4 Rh5 54. Qg7+ Kd6 55. Rxd4 1-0

[Event "FB21 2223 SG Leipzig - USV Halle"]
[Site "?"]
[Date "2022.11.13"]
[Round "4.5"]
[White "Eue, Vicky"]
[Black "Oswald, Lena"]
[Result "1-0"]
[WhiteElo "1672"]
[BlackElo "1801"]
[PlyCount "67"]
[EventDate "2022.??.??"]

1. e4 c5 2. Nf3 Nc6 3. d4 cxd4 4. Nxd4 Nf6 5. Nc3 d6 6. Bc4 g6 7. Bb3 Bg7 8. Be3 O-O 9. f3 Bd7 10. Qd2 Rc8 11. O-O Ne5 12. Rad1 a6 13. h3 b5 14. a3 Nc4 15. Bxc4 Rxc4 16. b3 Rc8 17. Na2 Qc7 18. c3 Rfd8 19. Bh6 Bh8 20. Qe3 e5 21. Nf5 Be6 22. Nb4 Bxf5 23. exf5 Qxc3 24. Rd3 Qb2 25. Qb6 Qxa3 26. Rxd6 Rxd6 27. Qxd6 Qxb3 28. Nc6 Bg7 29. Ne7+ Kh8 30. Nxc8 Bxh6 31. Qxf6+ Kg8 32. Qd8+ Bf8 33. Ne7+ Kg7 34. f6+ 1-0

[Event "FB21 2223 SG Leipzig - USV Halle"]
[Site "?"]
[Date "2022.11.13"]
[Round "4.6"]
[White "Oswald, Hannah"]
[Black "Derling, Charlotte"]
[Result "0-1"]
[WhiteElo "1766"]
[BlackElo "1585"]
[PlyCount "64"]
[EventDate "2022.??.??"]

1. e4 c5 2. Nf3 d6 3. d4 cxd4 4. Nxd4 Nf6 5. Nc3 g6 6. Be3 Bg7 7. f3 O-O 8. Qd2 Nc6 9. Bc4 Bd7 10. O-O-O Rc8 11. Bb3 Ne5 12. g4 Nc4 13. Bxc4 Rxc4 14. h4 h5 15. gxh5 Nxh5 16. Nde2 Qa5 17. Kb1 Rfc8 18. Nd5 Qd8 19. c3 Ra4 20. Bd4 Be6 21. Bxg7 Kxg7 22. Nef4 Nxf4 23. Qxf4 Qa5 24. b4 Qb5 25. Qd2 Bxd5 26. exd5 a5 27. Qb2 Qc4 28. Rc1 Kg8 29. bxa5 Rxa5 30. Ka1 Rca8 31. Rc2 Qxd5 32. Rf2 Ra3 0-1

[Event "FB21 2223 SC Leipzig-Lindenau - TuS Cos"]
[Site "?"]
[Date "2022.11.13"]
[Round "4.2"]
[White "Lowke, Kathrin"]
[Black "Moses, Selina"]
[Result "1/2-1/2"]
[WhiteElo "1829"]
[BlackElo "1911"]
[PlyCount "37"]
[EventDate "2022.??.??"]

1. e4 c5 2. Nf3 d6 3. d4 cxd4 4. Nxd4 Nf6 5. Nc3 a6 6. Be3 e6 7. Qd2 Qc7 8. f3 b5 9. O-O-O Bb7 10. Nb3 Nbd7 11. g4 Ne5 12. Qf2 Nfd7 13. h3 Rc8 14. Rh2 Ba8 15. f4 Nc4 16. Bxc4 Qxc4 17. f5 e5 18. Qe2 Nf6 19. Qxc4 1/2-1/2

[Event "FB21 2223 SC Leipzig-Lindenau - TuS Cos"]
[Site "?"]
[Date "2022.11.13"]
[Round "4.3"]
[White "Timme, Karin"]
[Black "Spangenberg, Pia"]
[Result "1-0"]
[WhiteElo "2069"]
[BlackElo "1803"]
[PlyCount "117"]
[EventDate "2022.??.??"]

1. d4 d5 2. c4 e6 3. Nc3 Nf6 4. Bg5 Nbd7 5. Nf3 Be7 6. e3 O-O 7. Rc1 Ne4 8. Bxe7 Qxe7 9. cxd5 Nxc3 10. Rxc3 Nf6 11. dxe6 Bxe6 12. a3 Nd5 13. Rc5 c6 14. Bd3 Bg4 15. h3 Bh5 16. O-O Bg6 17. Bxg6 hxg6 18. Ne5 Qg5 19. Qg4 Qxg4 20. Nxg4 f6 21. b4 Rad8 22. Rfc1 Rf7 23. g3 Re7 24. Kg2 a6 25. Kf3 Kf7 26. Rb1 Rde8 27. a4 Nc7 28. Nh2 f5 29. Kg2 Kf6 30. h4 Ne6 31. Re5 Nc7 32. Rxe7 Rxe7 33. Nf3 Nd5 34. Ne5 Nc3 35. Ra1 Re8 36. Nd3 Ke6 37. Ra3 Nb1 38. Rb3 Nd2 39. Rc3 Ne4 40. Nc5+ Kd5 41. Nxe4 Kxe4 42. f3+ Kd5 43. Kf2 Re7 44. Rc5+ Kd6 45. a5 Re8 46. Ke2 b6 47. axb6 Rb8 48. Kd3 Rxb6 49. Kc3 Rb8 50. Ra5 Re8 51. Kd3 Rb8 52. Ra4 Kd5 53. e4+ fxe4+ 54. fxe4+ Kd6 55. Kc4 Re8 56. e5+ Kc7 57. Rxa6 Kb7 58. b5 Rd8 59. Rxc6 1-0

[Event "FB21 2223 SC Leipzig-Lindenau - TuS Cos"]
[Site "?"]
[Date "2022.11.13"]
[Round "4.4"]
[White "Lorenz, Nicole"]
[Black "Richter, Ulrike"]
[Result "1/2-1/2"]
[WhiteElo "1859"]
[BlackElo "1911"]
[PlyCount "45"]
[EventDate "2022.??.??"]

1. e4 c5 2. Nf3 Nc6 3. Bb5 d6 4. O-O Bd7 5. c3 Nf6 6. Re1 e6 7. d4 cxd4 8. cxd4 Be7 9. Nc3 O-O 10. d5 exd5 11. Nxd5 Nxd5 12. exd5 Ne5 13. Bxd7 Nxd7 14. Bf4 Rc8 15. Qd2 Nb6 16. Rac1 Qd7 17. b3 Rxc1 18. Rxc1 Rc8 19. Rxc8+ Nxc8 20. Qd3 h6 21. Nd4 a6 22. Nf5 Bf8 23. a4 1/2-1/2

[Event "FB21 2223 SC Leipzig-Lindenau - TuS Cos"]
[Site "?"]
[Date "2022.11.13"]
[Round "4.5"]
[White "Moldenhauer, Antje"]
[Black "Neumeyer, Hannelore"]
[Result "1/2-1/2"]
[WhiteElo "1792"]
[BlackElo "1868"]
[PlyCount "25"]
[EventDate "2022.??.??"]

1. e4 c6 2. d4 e5 3. dxe5 Qa5+ 4. Nc3 Qxe5 5. Nf3 Qc7 6. Bc4 d6 7. Ng5 Be6 8. Nxe6 fxe6 9. Bxe6 Nf6 10. O-O Qe7 11. Bb3 Nbd7 12. Qd4 Nc5 13. f3 1/2-1/2